000
00192 a2200097 4500
020
_a
9780673758842
041
_a
spa
100
_a
Murphy, Joelle
245
_a
Pisaditas de patitas
942
_c
BK
999
_c
31925
_d
31923